000 00885nas a2200277 4500
001 BR2012008201
003 BR-BrBNA
005 20231205121343.0
007 ta
008 230509b bl.|||p| |||| 00| 00por d
040 _aBR-BrBNA
_bpor
_cBiblioteca Nacional de Agricultura
041 _a(Pt)
072 _aQ04
100 1 _aFritsch, J.
100 1 _aFrança Júnior, O.
100 1 _aPhilippi, L.
245 1 _aO uso do ozônio em pescado aplicações e vantagens do gás na produção, transporte e comercialização de peixes e frutos do mar
650 _aOZÔNIO
650 _aPEIXE
650 _aPRODUÇÃO PESQUEIRA
650 _aTRANSPORTE
650 _aCOMERCIALIZAÇÃO
773 0 _tRevista Aquicultura e Pesca (Brazil)
_xISSN 1807-9741
_g(Nov-Dec 2009), v. 5(42) p. 62-68
_wBR2012008201
909 _a202311
_bLúcia
_c55
_dLúcia Elande
942 _2AGRIS
_n0
_cANA
999 _c223107
_d223107